000
00154nam a22000857a 4500
082
_a
823
100
_a
TERSIO BOSCO
245
_a
A BOY WITH DREAM
942
_c
BK
999
_c
8225
_d
8225